000 00462nam a2200145Ia 4500
003 OSt
005 20260123144307.0
008 211028s2016 xx 000 0 und d
040 _cAIMIT LIBRARY
041 _aeng
100 _aSavardekar, Vishal; Harinakshi
_g1416129
_97548
245 _aCustomer perceptions towards the attributes of albumizer product with special reference to NDIS (I) pvt ltd /
260 _aMangalore
_bHarinakshi
_c2016
942 _2ddc
_cPRO
999 _c219116
_d219116